000 01202nam a2200229Ia 4500
003 Ost
005 20260416102355.0
008 260416s9999||||xx |||||||||||||| ||und||
040 _cfsecg
041 _aara
100 _aمقداد، كريمة
_eمؤلف
245 0 _a الاقتصاد الجزئي1 :
_bدروس /
_c كريمة مقداد
260 _aالجزائر
_bجامعة الجزائر3: كلية العلوم الإقتصادية، العلوم التجارية وعلوم التسيير
_c2020
300 _a122 ورقة
_bايضاحات
_c30 سم
504 _a مراجع ص.121
520 _aمفاهيم أساسية حول علم الاقتصاد و تناول نظرية الطلب و نظرية العرض و مرونة الطلب الطلب و العرض و توازن السوق مع تطبيقات على توازن السوق و و كذلك نظرية تحليل سلوك المستهلك.
653 _aالاقتصاد الجزئي
653 _aالطلب
653 _aالعرض
710 _aجامعة الجزائر3: كلية العلوم الإقتصادية، العلوم التجارية وعلوم التسيير
_eناشر علمي
942 _cHANDOUT
999 _c41193
_d41193